アニメイト店舗のある市区町村 - Statistics

General Stats
  • This quiz has been taken 358 times
  • The average score is 93 of 122
Answer Stats
中央区都道府県 市区町村 店舗 % Correct
北海道 札幌市中央区 札幌
93%
青森県 青森市 青森
91%
北海道 函館市 函館
90%
北海道 旭川市 イオンモール旭川駅前
90%
宮城県 仙台市青葉区 仙台
90%
岩手県 盛岡市 盛岡
89%
秋田県 秋田市 秋田
89%
山形県 山形市 山形
89%
福島県 福島市 福島
89%
茨城県 水戸市 水戸
89%
栃木県 宇都宮市 宇都宮
89%
埼玉県 さいたま市大宮区 大宮
89%
千葉県 千葉市中央区 千葉
88%
群馬県 高崎市 高崎
87%
東京都 新宿区 新宿
87%
東京都 八王子市 八王子
87%
広島県 広島市中区 広島
87%
青森県 八戸市 八戸ラピア
86%
神奈川県 横浜市西区 横浜ビブレ
86%
岐阜県 岐阜市 岐阜
86%
大阪府 大阪市都島区 京橋
86%
大阪府 大阪市浪速区 大阪日本橋
86%
大阪府 大阪市阿倍野区 天王寺
86%
大阪府 大阪市北区 梅田
86%
福島県 郡山市 郡山
85%
神奈川県 川崎市幸区 川崎
85%
新潟県 新潟市中央区 新潟
85%
富山県 富山市 富山
85%
石川県 金沢市 金沢
85%
福井県 福井市 福井
85%
長野県 長野市 長野
85%
静岡県 静岡市葵区 静岡パルコ
85%
静岡県 浜松市中央区 イオン浜松市野 | 浜松
85%
愛知県 名古屋市中村区 名古屋
85%
愛知県 名古屋市中区 名古屋パルコ | 金山
85%
愛知県 名古屋市緑区 イオンモール大高
85%
京都府 京都市中京区 京都
85%
京都府 京都市南区 アバンティ京都
85%
兵庫県 神戸市中央区 三宮
85%
奈良県 奈良市 奈良
85%
青森県 弘前市 弘前
84%
福島県 いわき市 イオンいわき
84%
東京都 渋谷区 渋谷
84%
長野県 松本市 松本パルコ
84%
和歌山県 和歌山市 和歌山
84%
島根県 松江市 イオン松江
84%
岡山県 岡山市北区 岡山
84%
三重県 四日市市 四日市
83%
徳島県 徳島市 徳島
83%
愛媛県 松山市 松山
83%
高知県 高知市 高知
83%
福岡県 福岡市中央区 福岡パルコ
83%
熊本県 熊本市中央区 熊本
83%
鹿児島県 鹿児島市 鹿児島
83%
沖縄県 那覇市 那覇国際通り店
83%
東京都 千代田区 秋葉原
82%
兵庫県 姫路市 姫路
82%
香川県 高松市 高松
82%
佐賀県 佐賀市 モラージュ佐賀
82%
長崎県 長崎市 長崎
82%
大分県 大分市 アミュプラザおおいた
82%
宮崎県 宮崎市 宮崎
82%
愛知県 豊橋市 豊橋
81%
福岡県 北九州市小倉北区 小倉
81%
埼玉県 川越市 川越
80%
埼玉県 川口市 川口
80%
千葉県 船橋市 イオンモール船橋
80%
千葉県 柏市 アリオ柏 | 柏
80%
東京都 豊島区 池袋本店
80%
新潟県 長岡市 長岡
80%
岡山県 倉敷市 イオンモール倉敷
80%
長崎県 佐世保市 佐世保
80%
千葉県 松戸市 松戸
79%
東京都 立川市 立川
78%
鳥取県 米子市 イオン米子
78%
広島県 福山市 福山
78%
神奈川県 藤沢市 藤沢
77%
神奈川県 小田原市 小田原
77%
埼玉県 所沢市 所沢
76%
滋賀県 草津市 アル・プラザ草津
76%
栃木県 小山市 ロブレ小山
75%
埼玉県 越谷市 イオンレイクタウン | 南越谷
75%
東京都 町田市 町田
75%
静岡県 沼津市 沼津
75%
愛知県 岡崎市 東岡崎
75%
兵庫県 明石市 イオン明石
75%
神奈川県 横須賀市 横須賀
74%
東京都 大田区 蒲田
73%
愛知県 豊田市 豊田
73%
大阪府 高槻市 高槻
73%
埼玉県 熊谷市 熊谷
69%
茨城県 土浦市 イオンモール土浦
68%
三重県 桑名市 イオンモール桑名
68%
大阪府 東大阪市 布施
67%
群馬県 太田市 イオンモール太田
66%
神奈川県 厚木市 本厚木
65%
神奈川県 海老名市 マルイファミリー海老名
65%
広島県 東広島市 フジグラン東広島
63%
千葉県 木更津市 イオンモール木更津
62%
大阪府 枚方市 くずはモール | 枚方
62%
東京都 墨田区 錦糸町
61%
東京都 武蔵野市 吉祥寺パルコ
60%
千葉県 習志野市 津田沼
58%
奈良県 橿原市 イオンモール橿原
58%
東京都 多摩市 聖蹟桜ヶ丘オーパ
56%
岐阜県 各務原市 イオンモール各務原
54%
埼玉県 久喜市 モラージュ菖蒲
49%
大阪府 八尾市 リノアス八尾
48%
静岡県 富士宮市 イオンモール富士宮
47%
山口県 防府市 イオン防府
46%
東京都 武蔵村山市 イオンモールむさし村山
37%
宮城県 宮城郡利府町 イオンモール新利府
36%
山梨県 中巨摩郡昭和町 イオンモール甲府昭和
36%
兵庫県 川西市 川西
32%
埼玉県 富士見市 ららぽーと富士見
31%
福岡県 筑紫野市 イオンモール筑紫野
28%
北海道 釧路郡釧路町 イオン釧路
20%
No matching quizzes found
Score Distribution
Percent of People with Each Score
Percentile by Number Answered
Your Score History
You have not taken this quiz